Growth and morphology of anchorage-dependent animal cells in a liquid/liquid interface system /
Guardado en:
| Autor principal: | |
|---|---|
| Otros Autores: | , |
| Formato: | Artículo |
| Lenguaje: | English |
| Materias: | |
| Etiquetas: |
Agregar Etiqueta
Sin Etiquetas, Sea el primero en etiquetar este registro!
|
| Thư viện lưu trữ: | Thư viện Trường Đại học Đà Lạt |
|---|
| LEADER | 00935nam a2200301 4500 | ||
|---|---|---|---|
| 001 | DLU090098031 | ||
| 005 | ##20091201 | ||
| 040 | # | # | |a DLU |b eng |
| 041 | # | # | |a eng |
| 044 | # | # | |a us |
| 100 | # | # | |a Shiba, Yoshiaki. |
| 245 | # | # | |a Growth and morphology of anchorage-dependent animal cells in a liquid/liquid interface system / |c Yoshiaki Shiba, Takayuki Ohshima, Masayuki Sato. |
| 653 | # | # | |a Animal cell |
| 653 | # | # | |a Cell adhesion |
| 653 | # | # | |a Fluorocarbon |
| 653 | # | # | |a Liquid interface |
| 700 | # | # | |a Ohshima, Takayuki. |
| 700 | # | # | |a Sato, Masayuki. |
| 773 | # | # | |t Biotechnology and Bioengineering |g Vol. 57, no. 5 (March 1998), p. 583-589 |
| 920 | # | # | |a Phòng Tạp chí -- Trung tâm Thông tin - Thư viện Trường Đại học Đà Lạt |
| 994 | # | # | |a DLU |
| 900 | # | # | |a True |
| 911 | # | # | |a Trương Bảo Trâm Anh |
| 925 | # | # | |a G |
| 926 | # | # | |a A |
| 927 | # | # | |a BB |
| 980 | # | # | |a Thư viện Trường Đại học Đà Lạt |